|
|
|
|
| LEADER |
00850nta a2200205 i 4500 |
| 001 |
dipl133208 |
| 005 |
20230329105251.0 |
| 008 |
230329s2004 hu om 0|| rus d |
| 040 |
|
|
|a SZTE Diploma Repozitórium
|b hun
|
| 041 |
|
|
|a rus
|
| 100 |
1 |
|
|a Varga Dóra
|
| 245 |
1 |
0 |
|a Василий Кандинский и Казимир Малевич
|h [elektronikus dokumentum] :
|b Мистицизм в беспредметном, абстрактном искусстве /
|c Dóra Varga
|
| 260 |
|
|
|c 2004
|
| 650 |
|
4 |
|a Bölcsészettudományok
|
| 650 |
|
4 |
|a Humanities
|
| 650 |
|
4 |
|a Arts (arts, history of arts, performing arts, music)
|
| 650 |
|
4 |
|a History of art and architecture
|
| 650 |
|
4 |
|a Visual arts, performing arts, design
|
| 700 |
1 |
|
|a Bagi Ibolya
|e ths
|
| 856 |
4 |
0 |
|u https://diploma.bibl.u-szeged.hu/id/eprint/133208/1/2004_varga_dora.pdf
|z Dokumentum-elérés
|